000 00499nam a2200169Ia 4500
003 GCL
008 140319s9999 xx 000 0 eng d
040 _aGCL /
_cGCL
082 0 4 _a781.77309042
_bT A
100 1 _aTISCHLER, BARBARAL
245 1 0 _aAN AMERICAN MUSIC: THE SEARCH FOR AN AMERICAN MUSICAL IDENTITY /
_cTISCHLER, BARBARAL
260 _a[S.N] :
_bOXFORD UNIVERSITY PRESS ،
_c1986
300 _a225 P
650 0 4 _aHISTORY AND CRITICISM
650 0 4 _aMUSIC - AMERICA
942 _2ddc
_cBK
999 _c19137
_d19137